000
00322nam a2200133Ia 4500
008
100328s9999 xx 000 0 und d
082
_b
21606
100
_a
वर्टी अ.वा.
245
_a
हेरंब
260
_b
राजा
630
_a
हेरंब
730
_a
हेरंब
942
_c
BOOK
999
_c
515608
_d
515605